The Concluding Tissues Of Bryophytes : (Record no. 592585)

MARC details
000 -LEADER
fixed length control field 00485nam a2200193 a 4500
008 - FIXED-LENGTH DATA ELEMENTS--GENERAL INFORMATION
fixed length control field 251022s2004##################000#0#eng##
020 ## - INTERNATIONAL STANDARD BOOK NUMBER
ISBN 8121104181
082 04 - DEWEY DECIMAL CLASSIFICATION NUMBER
Classification number 588
Item number HEB
100 1# - MAIN ENTRY--AUTHOR NAME
Personal name Hébant, Charles,
245 10 - TITLE STATEMENT
Title The Concluding Tissues Of Bryophytes :
260 ## - PUBLICATION, DISTRIBUTION, ETC. (IMPRINT)
Year of publication 2004.
300 ## - PHYSICAL DESCRIPTION
Number of Pages 157 pages
650 #0 - SUBJECT ADDED ENTRY--TOPICAL TERM
Topical Term Bryophytes.
942 ## - ADDED ENTRY ELEMENTS (KOHA)
Koha item type English Books
Holdings
Withdrawn status Lost status Damaged status Not for loan Home library Current library Shelving location Date acquired Full call number Accession Number Price effective from Koha item type
        Anna Centenary Library Anna Centenary Library 5TH FLOOR, B WING 22.10.2025 588 HEB 173477 22.10.2025 English Books

Find us on the map